[Event "Titled Tue 1st Jul Late"]
[Site "chess.com INT"]
[Date "2025.07.01"]
[Round "4"]
[White "Krishnakumar, Sriram"]
[Black "Firouzja, Alireza"]
[Result "0-1"]
[WhiteTitle "FM"]
[BlackTitle "GM"]
[WhiteElo "2197"]
[BlackElo "2766"]
[WhiteFideId "30915856"]
[BlackFideId "12573981"]
[EventDate "2025.07.01"]

1. e4 c6 2. d4 d5 3. e5 Bf5 4. Bd3 Bxd3 5. Qxd3 e6 6. Nf3 c5 7. c3 Nc6 8. O-O
Rc8 9. a3 c4 10. Qe2 Na5 11. Bg5 Qb6 12. Nbd2 h6 13. Bh4 Qxb2 14. Qe3 Ne7 15. g4
Qc2 16. Bg3 g5 17. Rfc1 Qg6 18. h3 h5 19. Qxg5 Qxg5 20. Nxg5 Bh6 21. f4 hxg4 22.
hxg4 Rg8 23. Ndf3 Bxg5 24. Nxg5 Nb3 25. Rab1 Nxc1 26. Rxc1 Nc6 27. Rb1 Na5 28.
Kf2 Ke7 29. Bh4 Rh8 30. Kg3 Rh6 31. f5 Rch8 32. Nf3+ Kd7 33. fxe6+ fxe6 34. Bf6
Rg8 35. g5 Nb3 36. Kf4 Rh3 37. Rg1 b5 38. g6 a5 39. g7 b4 40. axb4 axb4 41. cxb4
c3 42. Ne1 Nxd4 43. Rg2 Rh1 44. Nc2 Rf1+ 45. Kg5 Nf5 46. b5 d4 47. b6 Nxg7 48.
Kh6 Nf5+ 0-1

[Event "Titled Tue 1st Jul Late"]
[Site "chess.com INT"]
[Date "2025.07.01"]
[Round "4"]
[White "Bouska, Jiri"]
[Black "Ragger, Markus"]
[Result "0-1"]
[WhiteTitle "FM"]
[BlackTitle "GM"]
[WhiteElo "2318"]
[BlackElo "2566"]
[WhiteFideId "23722223"]
[BlackFideId "1610856"]
[EventDate "2025.07.01"]

1. e4 c5 2. Nf3 e6 3. b3 b6 4. d4 cxd4 5. Nxd4 a6 6. Nd2 Bb7 7. Bd3 d6 8. Bb2
Nd7 9. Qe2 Ngf6 10. O-O Be7 11. Rae1 O-O 12. f4 Nc5 13. Kh1 Nxd3 14. cxd3 Rc8
15. Rf3 b5 16. b4 d5 17. e5 Ne8 18. f5 exf5 19. Nxf5 Rc2 20. e6 Rxb2 21. exf7+
Rxf7 22. Nxe7+ Qxe7 23. Qxe7 Rxe7 24. Rxe7 Nd6 25. Nf1 d4 26. Rf4 Bxg2+ 27. Kg1
Bh3 28. Rxd4 Rg2+ 29. Kh1 Rf2 30. Ng3 Rc2 31. Kg1 Rg2+ 32. Kh1 Rxa2 33. Re1 Nf5
34. Rd8+ Kf7 35. Rd7+ Kf6 36. Ne4+ Kg6 37. Rg1+ Kh6 38. Re1 Nh4 39. Re3 Bg2+ 40.
Kg1 Nf3+ 0-1

[Event "Titled Tue 1st Jul Late"]
[Site "chess.com INT"]
[Date "2025.07.01"]
[Round "4"]
[White "Milare, Tyron"]
[Black "Motola, Jacopo"]
[Result "0-1"]
[WhiteTitle "FM"]
[BlackTitle "FM"]
[WhiteElo "2248"]
[BlackElo "2330"]
[WhiteFideId "12987018"]
[BlackFideId "863190"]
[EventDate "2025.07.01"]

1. d4 d5 2. Nf3 Nf6 3. g3 Bf5 4. Bg2 e6 5. O-O Nbd7 6. c4 c6 7. Nc3 Be7 8. Nh4
Bg6 9. Qb3 Qb6 10. Nxg6 hxg6 11. Bf4 O-O 12. Qxb6 Nxb6 13. c5 Nbd7 14. b4 a5 15.
b5 a4 16. bxc6 bxc6 17. Rab1 Ra7 18. a3 Ng4 19. h3 Nh6 20. e4 Bf6 21. e5 Bd8 22.
g4 g5 23. Bd2 f5 24. f3 f4 25. Rb4 Nf7 26. Rxa4 Rxa4 27. Nxa4 Bc7 28. Rb1 Ra8
29. Rb7 Rxa4 30. Rxc7 Rxd4 31. Bb4 Nfxe5 32. Kf2 Nd3+ 33. Ke2 N7e5 34. Rc8+ Kh7
35. Bd2 Ra4 36. h4 gxh4 37. g5 Nxc5 38. Bh3 Kg6 39. Re8 Rxa3 40. Bxf4 Rxf3 41.
Bxe5 Rxh3 42. Bd4 Nd3 43. Rxe6+ Kf5 44. Rxc6 Nf4+ 45. Kf1 Rd3 46. Bxg7 h3 47.
Rh6 Kxg5 48. Rh8 Kg4 49. Be5 Kf3 50. Bxf4 Rd1# 0-1

[Event "Titled Tue 1st Jul Late"]
[Site "chess.com INT"]
[Date "2025.07.01"]
[Round "4"]
[White "Storey, Charles H"]
[Black "Girya, Olga"]
[Result "1-0"]
[WhiteTitle "FM"]
[BlackTitle "GM"]
[WhiteElo "2102"]
[BlackElo "2393"]
[WhiteFideId "406686"]
[BlackFideId "4195752"]
[EventDate "2025.07.01"]

1. e4 e5 2. Nf3 Nc6 3. Bb5 a6 4. Ba4 Nf6 5. Bxc6 dxc6 6. d3 Bd6 7. b3 Nd7 8. Bb2
Qe7 9. Nbd2 Nc5 10. Nc4 f6 11. h3 Ne6 12. g3 b5 13. Ne3 Bc5 14. Qe2 Nd4 15. Nxd4
exd4 16. Ng2 Bb4+ 17. Kf1 c5 18. Kg1 O-O 19. a3 Ba5 20. Kh2 Bb7 21. f4 f5 22. e5
Qe6 23. Nh4 Rad8 24. Rhf1 Bd5 25. Nf3 Bb6 26. a4 c4 27. axb5 cxd3 28. cxd3 axb5
29. b4 Bxf3 30. Rxf3 c5 31. bxc5 Bxc5 32. Rff1 Rc8 33. Rfc1 Be7 34. Bxd4 Qd5 35.
Bf2 b4 36. d4 b3 37. Qb2 Qf3 38. Kg1 Bb4 39. e6 Bc3 40. Rxc3 Qxc3 41. Rb1 Qxb2
42. Rxb2 1-0

[Event "Titled Tue 1st Jul Late"]
[Site "chess.com INT"]
[Date "2025.07.01"]
[Round "4"]
[White "Rosenberg, Evan S"]
[Black "Ryabukhin, Roman"]
[Result "0-1"]
[BlackTitle "CM"]
[WhiteElo "1989"]
[BlackElo "2236"]
[WhiteFideId "2019299"]
[BlackFideId "24257893"]
[EventDate "2025.07.01"]

1. d4 e6 2. Nf3 d5 3. e3 Nf6 4. Bd3 c5 5. c3 b6 6. O-O Bb7 7. Nbd2 Nbd7 8. Re1
Bd6 9. e4 dxe4 10. Nxe4 Nxe4 11. Bxe4 Bxe4 12. Rxe4 Nf6 13. Rh4 h6 14. Qe2 Qd7
15. dxc5 Bxc5 16. Be3 Bxe3 17. Qxe3 Rd8 18. h3 O-O 19. a4 Qd3 20. Qxd3 Rxd3 21.
a5 b5 22. a6 Rb8 23. Ra3 Rd1+ 24. Kh2 Rb6 25. Rd4 Rf1 26. Rd8+ Kh7 27. Ra8 Rxf2
28. Rxa7 b4 29. cxb4 Rxb4 30. Rb7 Rxb7 31. axb7 Rxb2 32. Ra7 Ne4 33. Ne5 Nc5 34.
b8=Q Rxb8 35. Rxf7 Rb2 36. h4 Rb4 37. g3 Rb2+ 38. Kh3 Ne4 39. Ng4 Rb3 40. Rf4
Nxg3 41. Kg2 Nf5 42. Ne5 Rb2+ 43. Kh3 Re2 44. Nf7 Kg6 45. Nd8 Kf6 0-1

[Event "Titled Tue 1st Jul Late"]
[Site "chess.com INT"]
[Date "2025.07.01"]
[Round "4"]
[White "Sarquis, Maria Belen"]
[Black "Sinkar, Anagha Aniket"]
[Result "0-1"]
[WhiteTitle "WIM"]
[BlackTitle "WCM"]
[WhiteElo "2156"]
[BlackElo "1776"]
[WhiteFideId "111805"]
[BlackFideId "30974780"]
[EventDate "2025.07.01"]

1. e4 c5 2. Nf3 Nc6 3. d3 g6 4. Nbd2 Bg7 5. g3 d6 6. Bg2 Nf6 7. O-O O-O 8. a4
Bd7 9. c3 Qb6 10. Ne1 e6 11. Nc4 Qc7 12. Bf4 e5 13. Bg5 h6 14. Bxf6 Bxf6 15. Ne3
Ne7 16. N1c2 Bc6 17. Na3 Rad8 18. Nac4 d5 19. exd5 Nxd5 20. Qe2 Rfe8 21. Rad1
Nxe3 22. Qxe3 Bxa4 23. Ra1 Bc6 24. Qe2 a6 25. Qe3 Bxg2 26. Kxg2 Bg7 27. Rad1 b5
28. Nd2 Qc6+ 29. Kg1 Rd7 30. f4 Red8 31. Ne4 exf4 32. Qxf4 Qc7 33. Qf3 c4 34. d4
Qc8 35. Nc5 Re7 36. Rde1 Rde8 37. Ra1 Qc7 38. Nxa6 Qb6 39. Nb4 Qe6 40. Nd5 Rd7
41. Rae1 Qxe1 42. Rxe1 Rxe1+ 43. Kf2 Rb1 44. Qe2 Rxd5 45. Qe4 Rxb2+ 46. Ke3 Rf5
47. Qe8+ Kh7 48. g4 Rff2 0-1

[Event "Titled Tue 1st Jul Late"]
[Site "chess.com INT"]
[Date "2025.07.01"]
[Round "4"]
[White "Unver, Cumayi"]
[Black "Garbuz, Vitaliy"]
[Result "0-1"]
[BlackTitle "CM"]
[WhiteElo "2012"]
[BlackElo "2219"]
[WhiteFideId "6304940"]
[BlackFideId "12990710"]
[EventDate "2025.07.01"]

1. d4 d5 2. Nf3 Nf6 3. Bf4 c5 4. c3 Nc6 5. e3 Qb6 6. Qb3 c4 7. Qxb6 axb6 8. Nbd2
b5 9. Ne5 Nh5 10. Nxc6 bxc6 11. a3 Nxf4 12. exf4 Bf5 13. Rc1 e6 14. Be2 Bd6 15.
g3 h5 16. h4 f6 17. Nf3 Kf7 18. Kd2 Be4 19. Rhe1 Rae8 20. Bd1 Bf5 21. Bc2 Bg4
22. Bd1 Re7 23. Re3 Rhe8 24. Bc2 g6 25. Rce1 Bxf3 26. Rxf3 c5 27. dxc5 Bxc5 28.
Re2 Rd8 29. Ke1 d4 30. cxd4 Bxd4 31. b3 f5 32. a4 cxb3 33. Bxb3 bxa4 34. Bxa4
Ra8 35. Bb3 Ra1+ 36. Kd2 Bc5 37. Rd3 Bb4+ 38. Ke3 Bc5+ 39. Kf3 Ra3 40. Rc2 Ra5
41. Rdc3 Bd4 42. Rc6 Ra3 0-1

[Event "Titled Tue 1st Jul Late"]
[Site "chess.com INT"]
[Date "2025.07.01"]
[Round "4"]
[White "Villa Tornero, Alex"]
[Black "Terletsky, Oleg"]
[Result "1-0"]
[WhiteTitle "FM"]
[BlackTitle "IM"]
[WhiteElo "2211"]
[BlackElo "2160"]
[WhiteFideId "54501091"]
[BlackFideId "14116774"]
[EventDate "2025.07.01"]

1. d4 Nf6 2. Nf3 g6 3. Bf4 Bg7 4. h3 O-O 5. e3 d5 6. Be2 c5 7. c3 b6 8. Nbd2 Nc6
9. O-O Bb7 10. a4 Nd7 11. Bh2 e5 12. dxe5 Ndxe5 13. Nxe5 Nxe5 14. Nf3 Qe7 15.
Nxe5 Bxe5 16. Bf3 Rad8 17. Qd2 d4 18. Bxb7 dxc3 19. Qc2 Bxh2+ 20. Kxh2 cxb2 21.
Qxb2 Qxb7 22. a5 b5 23. h4 c4 24. h5 Qc7+ 25. g3 c3 26. Qc2 Rd2 27. Qe4 Qc5 28.
hxg6 hxg6 29. Qf4 c2 30. Kg2 Qf5 31. Qh4 Rc8 32. e4 Qh5 33. Qf6 Rd1 34. Qf4 Qe2
35. Rh1 Rxa1 36. Rxa1 Rc4 37. Qb8+ Kg7 38. Qe5+ Kf8 39. Qb8+ Ke7 40. Qxa7+ Kf6
41. Qb6+ Kg7 42. Qxb5 Qxe4+ 43. Kh2 c1=Q 44. Rxc1 Rxc1 45. Qb2+ Kg8 46. Qxc1 1-0

[Event "Titled Tue 1st Jul Late"]
[Site "chess.com INT"]
[Date "2025.07.01"]
[Round "4"]
[White "Ghafourian, Amir Ali"]
[Black "Nicot, Valentin"]
[Result "1-0"]
[WhiteTitle "CM"]
[BlackTitle "CM"]
[WhiteElo "2111"]
[BlackElo "2206"]
[WhiteFideId "12533831"]
[BlackFideId "651002477"]
[EventDate "2025.07.01"]

1. e4 g6 2. d4 Bg7 3. Nc3 d6 4. Be3 a6 5. Nf3 b5 6. Bd3 Bb7 7. h4 h6 8. e5 e6 9.
Ne4 Ne7 10. Bf4 Nd5 11. Bg3 dxe5 12. Bxe5 O-O 13. Bxg7 Kxg7 14. Nc5 Bc8 15. h5
g5 16. Qe2 Qf6 17. Qe4 Rh8 18. a4 b4 19. g3 a5 20. Ne5 Qe7 21. O-O-O f5 22. Qe2
Qf6 23. Rde1 Re8 24. Bc4 c6 25. Bxd5 cxd5 26. g4 f4 27. f3 Na6 28. Qb5 Re7 29.
Qc6 Rea7 30. Re2 Nxc5 31. dxc5 Ba6 32. Ree1 Rc8 33. Qb6 Raa8 34. Nd7 Qe7 35.
Qxe6 Qxe6 36. Rxe6 Bc4 37. Rhe1 d4 38. Re7+ Kh8 39. Nf6 Bg8 40. Rd7 Rxc5 41.
Ree7 1-0

[Event "Titled Tue 1st Jul Late"]
[Site "chess.com INT"]
[Date "2025.07.01"]
[Round "4"]
[White "Mikhalsky, Vladimir"]
[Black "Leiva, Gianmarco"]
[Result "0-1"]
[BlackTitle "IM"]
[WhiteElo "2219"]
[BlackElo "2387"]
[WhiteFideId "14144352"]
[BlackFideId "3804399"]
[EventDate "2025.07.01"]

1. d4 d5 2. c4 e6 3. Nf3 Nf6 4. g3 Bb4+ 5. Bd2 Be7 6. Bg2 O-O 7. O-O c6 8. Qc2
Nbd7 9. Nc3 dxc4 10. e4 b5 11. e5 Nd5 12. Ne4 Bb7 13. Bg5 Nb4 14. Qb1 Nd3 15.
Bxe7 Qxe7 16. Nd6 Nb6 17. b3 Ba6 18. Rd1 Nd5 19. Rxd3 cxd3 20. Qxd3 Rad8 21. h4
h6 22. Nd2 Rxd6 23. exd6 Qxd6 24. Ne4 Qe7 25. Nc5 Bc8 26. Re1 Rd8 27. a3 Qf6 28.
b4 Ne7 29. Rd1 e5 30. Ne4 Qg6 31. Qc3 Nf5 32. d5 Nd4 33. Rxd4 exd4 34. Qxc6 Bf5
35. Nc5 Qxc6 36. dxc6 d3 37. Bf3 d2 38. Bd1 Rc8 39. Kf1 Rxc6 40. Ke2 Rd6 41. f3
g5 42. hxg5 hxg5 43. Nb3 Bd3+ 44. Kxd2 Bc4+ 45. Kc1 Rxd1+ 46. Kxd1 Bxb3+ 47. Kd2
Kg7 48. Ke3 Kf6 49. Kd4 Kf5 50. Ke3 Ke5 0-1

[Event "Titled Tue 1st Jul Late"]
[Site "chess.com INT"]
[Date "2025.07.01"]
[Round "4"]
[White "Hansen, Sune Berg"]
[Black "Nguyen Hong Nhung"]
[Result "1/2-1/2"]
[WhiteTitle "GM"]
[BlackTitle "WFM"]
[WhiteElo "2503"]
[BlackElo "2201"]
[WhiteFideId "1400266"]
[BlackFideId "12412201"]
[EventDate "2025.07.01"]

1. e4 c5 2. Nf3 e6 3. d4 cxd4 4. Nxd4 Nc6 5. Nc3 Qc7 6. Ncb5 Qb8 7. Bd3 a6 8.
Nxc6 bxc6 9. Nd4 c5 10. Nf3 d6 11. O-O Nf6 12. Re1 Be7 13. e5 dxe5 14. Nxe5 Bb7
15. Bf4 Qd8 16. Qe2 O-O 17. Rad1 Qb6 18. Nc4 Qc6 19. Qf1 a5 20. Ne5 Qa4 21. Nc4
Qc6 22. a3 a4 23. Ne5 Qb6 24. Bc1 Rfd8 25. Qe2 Rd4 26. c3 Rdd8 27. Qe3 Qc7 28.
Bc2 Bd6 29. f4 c4 30. Qe2 Bd5 31. h3 Bc5+ 32. Kh2 Bf8 33. Rf1 g6 34. Be3 Bg7 35.
Bd4 Nh5 36. g4 Nxf4 37. Rxf4 f6 38. Re1 fxe5 39. Bxe5 Bxe5 40. Qxe5 Qxe5 41.
Rxe5 Rf8 42. Rxf8+ Rxf8 43. Re2 Rf1 44. Bxa4 Rh1+ 45. Kg3 g5 46. Bc2 Rg1+ 47.
Kh2 Rh1+ 48. Kg3 Rg1+ 49. Kh2 Rh1+ 50. Kg3 1/2-1/2

[Event "Titled Tue 1st Jul Late"]
[Site "chess.com INT"]
[Date "2025.07.01"]
[Round "4"]
[White "Hobson, Kenneth"]
[Black "Pica, Eleni"]
[Result "1-0"]
[WhiteTitle "FM"]
[BlackTitle "WCM"]
[WhiteElo "2361"]
[BlackElo "1686"]
[WhiteFideId "480819"]
[BlackFideId "5910005"]
[EventDate "2025.07.01"]

1. e4 c5 2. Nf3 d6 3. d4 cxd4 4. Nxd4 Nf6 5. Nc3 g6 6. Be3 Bg7 7. f3 O-O 8. Qd2
Nc6 9. O-O-O d5 10. exd5 Nxd5 11. Nxc6 bxc6 12. Bd4 Nxc3 13. Qxc3 Bxd4 14. Rxd4
Qb6 15. Qb4 c5 16. Qxb6 axb6 17. Re4 Rxa2 18. Rxe7 Be6 19. g4 Rd8 20. c3 Bb3 21.
Bd3 Ra1+ 22. Bb1 Ba2 23. Kc2 c4 24. Bxa2 Rxh1 25. Bxc4 Rxh2+ 26. Kb3 Rf8 27. f4
Rf2 28. Re4 Kg7 29. Bd5 Rd8 30. c4 b5 31. Kc3 bxc4 32. Bxc4 Rc8 33. b3 Rf3+ 34.
Kb4 Rb8+ 35. Kc5 Rg3 36. g5 Rg1 37. Re7 Rc8+ 38. Kd6 Rf8 39. b4 Rd1+ 40. Kc5
Rc8+ 41. Kb5 Rb8+ 42. Ka4 Ra1+ 43. Kb3 Rb1+ 44. Kc3 1-0

[Event "Titled Tue 1st Jul Late"]
[Site "chess.com INT"]
[Date "2025.07.01"]
[Round "4"]
[White "Marichal Gonzalez, Ariel"]
[Black "Shymanskyi, Oleksandr"]
[Result "0-1"]
[WhiteTitle "IM"]
[BlackTitle "FM"]
[WhiteElo "2268"]
[BlackElo "2218"]
[WhiteFideId "3503232"]
[BlackFideId "14168880"]
[EventDate "2025.07.01"]

1. c4 e6 2. Nc3 Nf6 3. d4 Bb4 4. e3 c5 5. Nf3 Nc6 6. Bd3 O-O 7. O-O cxd4 8. exd4
d5 9. a3 Bxc3 10. bxc3 Ne4 11. Qc2 f5 12. cxd5 exd5 13. Bf4 h6 14. Ne5 g5 15.
Nxc6 bxc6 16. Be5 a5 17. f3 Nd6 18. c4 Ba6 19. cxd5 Bxd3 20. Qxd3 cxd5 21. Qb3
Nc4 22. Rfe1 Qd7 23. f4 g4 24. Qg3 Ra7 25. Qh4 Kh7 26. Rab1 Rb7 27. Rxb7 Qxb7
28. Bd6 Rf7 29. Bc5 Nd2 30. Qd8 Ne4 31. Qxa5 Qb2 32. Rf1 Qe2 33. Qe1 Qd3 34. Qb4
Qe3+ 35. Kh1 Nf2+ 36. Rxf2 Qxf2 37. Qb1 Qxf4 38. a4 h5 39. a5 h4 40. a6 h3 41.
a7 hxg2+ 42. Kxg2 Qf3+ 43. Kg1 Qe3+ 44. Kh1 Qf3+ 45. Kg1 g3 46. hxg3 Rg7 0-1

[Event "Titled Tue 1st Jul Late"]
[Site "chess.com INT"]
[Date "2025.07.01"]
[Round "4"]
[White "Goncharov, Vladimir"]
[Black "Cuevas Araya, Walter"]
[Result "1-0"]
[BlackTitle "FM"]
[WhiteElo "2077"]
[BlackElo "2052"]
[WhiteFideId "34162256"]
[BlackFideId "3405028"]
[EventDate "2025.07.01"]

1. d4 Nf6 2. c4 g6 3. Nc3 d5 4. cxd5 Nxd5 5. e4 Nxc3 6. bxc3 Bg7 7. Bc4 O-O 8.
Ne2 c5 9. h4 h5 10. Be3 Nc6 11. f3 cxd4 12. cxd4 Bd7 13. Kf2 a6 14. Rc1 b5 15.
Bd3 Rc8 16. Qd2 Re8 17. g4 hxg4 18. h5 gxf3 19. Kxf3 e5 20. d5 Qf6+ 21. Kg2 Nd4
22. Rcf1 Qd6 23. Ng3 f5 24. Bxd4 exd4 25. hxg6 fxe4 26. Bxe4 Rxe4 27. Nxe4 Qxd5
28. Rh4 Bc6 29. Kg1 d3 30. Qf4 Qd4+ 31. Rf2 Qa1+ 32. Kg2 Bxe4+ 33. Qxe4 Qe5 34.
Qxe5 Bxe5 35. Rh3 Rd8 36. Rd2 Rd6 37. Rhxd3 Rxg6+ 38. Kf3 b4 39. Ke4 Bc3 40. Rf2
Re6+ 41. Kd5 Re5+ 42. Kd6 Rg5 43. Kc6 a5 44. Rd7 Rg7 45. Rd8+ Kh7 46. Rh2+ Kg6
47. Rg2+ Kf6 48. Rxg7 Kxg7 49. Ra8 b3 50. axb3 Bb4 51. Kb5 Kf6 52. Rxa5 Bxa5 53.
Kxa5 Ke6 54. Kb6 Kd7 55. b4 Kc8 56. Ka7 Kc7 57. b5 Kc8 58. b6 1-0

[Event "Titled Tue 1st Jul Late"]
[Site "chess.com INT"]
[Date "2025.07.01"]
[Round "4"]
[White "Zierk, Steven"]
[Black "Bortnyk, Olexandr"]
[Result "1-0"]
[WhiteTitle "GM"]
[BlackTitle "GM"]
[WhiteElo "2489"]
[BlackElo "2601"]
[WhiteFideId "2034255"]
[BlackFideId "14120828"]
[EventDate "2025.07.01"]

1. e4 Nf6 2. e5 Nd5 3. d4 d6 4. c4 Nb6 5. exd6 exd6 6. Nf3 Be7 7. h3 O-O 8. Nc3
Nc6 9. Be2 Bf5 10. O-O Bf6 11. Bf4 Re8 12. Qd2 h6 13. Rfe1 Ne7 14. b3 Ng6 15.
Bg3 a5 16. Bd3 Qd7 17. Qc2 Bxd3 18. Qxd3 a4 19. b4 a3 20. Re4 d5 21. cxd5 Nxd5
22. Nxd5 Qxd5 23. Rxe8+ Rxe8 24. Qxa3 Bxd4 25. Rc1 c6 26. Nxd4 Qxd4 27. Qb3 Re2
28. Rd1 Qf6 29. a4 Nf8 30. b5 Rb2 31. Qe3 Ra2 32. Qe8 Qe6 33. Rd8 Qxe8 34. Rxe8
cxb5 35. Bd6 bxa4 36. Rxf8+ Kh7 37. Rxf7 b5 38. Be5 Kg6 39. Rxg7+ Kf5 40. f4 b4
41. Rb7 b3 42. Rb4 Ke6 43. Kh2 Kd5 44. Kg3 Kc5 45. Rb8 Re2 46. Kf3 Re1 47. Kf2
Re4 48. Kf3 Re1 49. Bc3 Re6 50. f5 Re7 51. Bb4+ 1-0

[Event "Titled Tue 1st Jul Late"]
[Site "chess.com INT"]
[Date "2025.07.01"]
[Round "4"]
[White "Ciocan, Maria-Alexandra"]
[Black "Logvinov, Petro"]
[Result "0-1"]
[BlackTitle "FM"]
[WhiteElo "1998"]
[BlackElo "2190"]
[WhiteFideId "1227130"]
[BlackFideId "14176661"]
[EventDate "2025.07.01"]

1. e4 c5 2. Nf3 Nc6 3. Bb5 g6 4. Bxc6 bxc6 5. O-O Bg7 6. c3 Nf6 7. Re1 Qc7 8. d4
cxd4 9. cxd4 d6 10. Nc3 O-O 11. h3 Bb7 12. Bf4 Nd7 13. e5 c5 14. exd6 exd6 15.
dxc5 Bxf3 16. Qxf3 Nxc5 17. Red1 Rad8 18. Rac1 Qb6 19. b3 Qa6 20. Rd2 Ne6 21.
Be3 Rc8 22. Rdc2 Qd3 23. Bxa7 Qa6 24. Be3 Qd3 25. Ba7 Qxf3 26. gxf3 Nf4 27. Ne4
Ne2+ 28. Rxe2 Rxc1+ 29. Kg2 Ra8 30. Be3 d5 31. Bxc1 dxe4 32. fxe4 Kf8 33. e5 Ke7
34. f4 Ke6 35. Be3 Rb8 36. Kf3 Rc8 37. Bd4 Kd5 38. Rd2 Ke6 39. Be3 Rc3 40. Ke2
Kf5 41. Rd3 Rc2+ 42. Rd2 Rc3 43. Rb2 Ke4 44. Bf2 Kxf4 45. Be1 Rxh3 46. Bd2+ Kxe5
47. Bc3+ Rxc3 48. b4 Rc8 49. a4 Kd5 50. b5 Bxb2 0-1

[Event "Titled Tue 1st Jul Late"]
[Site "chess.com INT"]
[Date "2025.07.01"]
[Round "4"]
[White "Venskaya, Nika"]
[Black "Rodgers, Jack"]
[Result "1-0"]
[WhiteTitle "WCM"]
[BlackTitle "FM"]
[WhiteElo "1926"]
[BlackElo "2183"]
[WhiteFideId "13523503"]
[BlackFideId "3220885"]
[EventDate "2025.07.01"]

1. d4 Nf6 2. Nf3 g6 3. g3 Bg7 4. Bg2 O-O 5. O-O d5 6. c4 c6 7. cxd5 cxd5 8. Nc3
Nc6 9. Bf4 Bf5 10. Qb3 Na5 11. Qa4 a6 12. Ne5 b5 13. Qd1 Rc8 14. Rc1 Nc4 15. b3
Nxe5 16. dxe5 Ne4 17. Nxd5 Rxc1 18. Bxc1 Bxe5 19. Ba3 Bd6 20. Bb2 Nf6 21. e4
Nxd5 22. exf5 Nf6 23. fxg6 hxg6 24. Qd2 Qb6 25. Rd1 Bc5 26. b4 Bxf2+ 27. Qxf2
Qe6 28. Bxf6 exf6 29. Bd5 Qe5 30. Bb3 f5 31. Qb6 Kg7 32. Qd4 Qxd4+ 33. Rxd4 a5
34. bxa5 Ra8 35. Rd7 Rxa5 36. Rxf7+ Kh6 37. Rb7 Kg5 38. Rb6 b4 39. Rxb4 Kh5 40.
Kg2 g5 41. Rb6 f4 42. Bf7+ Kg4 43. Be6+ Kh5 44. g4+ Kh4 45. Bb3 Kxg4 46. h3+ Kh5
47. Bf7+ Kh4 48. Rh6# 1-0

[Event "Titled Tue 1st Jul Late"]
[Site "chess.com INT"]
[Date "2025.07.01"]
[Round "4"]
[White "Ambartsumova, Karina"]
[Black "Kodihalli, Kaustubh"]
[Result "1-0"]
[WhiteTitle "IM"]
[WhiteElo "2403"]
[BlackElo "2038"]
[WhiteFideId "4166299"]
[BlackFideId "30956455"]
[EventDate "2025.07.01"]

1. Nf3 Nf6 2. c4 e6 3. Nc3 d5 4. e3 Bd6 5. b3 O-O 6. Bb2 Nbd7 7. Rc1 c6 8. d4
dxc4 9. Bxc4 e5 10. O-O exd4 11. Qxd4 Nb6 12. Be2 Qe7 13. Rcd1 Ba3 14. Ba1 Be6
15. Qh4 h6 16. Ne5 Nfd5 17. Qg3 Bd6 18. Ne4 Bxe5 19. Bxe5 f5 20. Bd6 Qf7 21.
Bxf8 Rxf8 22. Nc5 Bc8 23. Rd4 f4 24. exf4 Qe7 25. Ne4 c5 26. Rxd5 Nxd5 27. f3
Nxf4 28. Bc4+ Kh8 29. Qf2 b6 30. Re1 Bb7 31. Bf1 Qc7 32. Qg3 Qf7 33. Bc4 Bd5 34.
Bf1 Bxe4 35. Rxe4 Nd5 36. Bc4 Qd7 37. h3 Nf6 38. Re1 b5 39. Bf1 Qd4+ 40. Qf2
Qxf2+ 41. Kxf2 a6 42. Re6 Ra8 43. Rc6 a5 44. Bxb5 Rd8 45. Ke2 Nd5 46. Rxc5 Nf4+
47. Kf2 Rd2+ 48. Ke3 Rxa2 49. Kxf4 Rb2 50. Bc4 Kh7 51. Rxa5 g5+ 1-0

[Event "Titled Tue 1st Jul Late"]
[Site "chess.com INT"]
[Date "2025.07.01"]
[Round "4"]
[White "Myagmarsuren, Evsuld"]
[Black "Toktomushev, Teimur"]
[Result "0-1"]
[WhiteTitle "FM"]
[BlackTitle "FM"]
[WhiteElo "2292"]
[BlackElo "2390"]
[WhiteFideId "1551639"]
[BlackFideId "14176726"]
[EventDate "2025.07.01"]

1. Nf3 d5 2. g3 Nf6 3. Bg2 e6 4. O-O Be7 5. d4 O-O 6. c4 c6 7. Qc2 b6 8. Nbd2 c5
9. Rd1 Nc6 10. e4 cxd4 11. cxd5 Nb4 12. Qb3 exd5 13. Nxd4 Bg4 14. N2f3 dxe4 15.
Nc6 Qxd1+ 16. Qxd1 Nxc6 17. h3 Bxf3 18. Bxf3 exf3 19. Bf4 Rad8 20. Qxf3 Nd4 21.
Qe3 Rfe8 22. Rd1 Bc5 23. Qd3 Ne2+ 24. Qxe2 Rxe2 25. Rxd8+ Re8 26. Rxe8+ Nxe8 27.
Kg2 Kf8 28. Kf3 Ke7 29. h4 Ke6 30. a3 Kd5 31. Ke2 Kc4 32. Be5 Kb3 33. h5 f6 34.
Bc3 h6 35. g4 Nd6 36. f4 Nb5 37. Bd2 Kxb2 38. g5 fxg5 39. fxg5 hxg5 40. Bxg5 Bd4
41. Kf3 Kxa3 42. Ke4 Bc3 43. Kf5 Nd6+ 44. Kg6 b5 45. Be7 Be5 46. Bf8 b4 47. Bxg7
Bxg7 48. Kxg7 b3 49. h6 Nf5+ 50. Kg6 Nxh6 51. Kh7 b2 52. Kg6 b1=Q+ 0-1

[Event "Titled Tue 1st Jul Late"]
[Site "chess.com INT"]
[Date "2025.07.01"]
[Round "4"]
[White "Mayans Calvo, Mariano"]
[Black "Baches Garcia, Guillermo"]
[Result "1-0"]
[WhiteTitle "CM"]
[BlackTitle "IM"]
[WhiteElo "2101"]
[BlackElo "2305"]
[WhiteFideId "2251426"]
[BlackFideId "2209764"]
[EventDate "2025.07.01"]

1. e4 d5 2. Nc3 dxe4 3. f3 e3 4. d4 Nf6 5. Bxe3 g6 6. Bc4 Bg7 7. Nge2 O-O 8. O-O
a6 9. a4 b6 10. Qd2 Bb7 11. Bh6 Nc6 12. Rad1 e6 13. Bxg7 Kxg7 14. Nf4 Qd6 15.
Ne4 Qb4 16. Nxf6 Qxd2 17. N6h5+ gxh5 18. Rxd2 h4 19. d5 Ne5 20. Bb3 exd5 21.
Bxd5 c6 22. Be4 Rad8 23. Rfd1 Rxd2 24. Rxd2 Re8 25. Rd6 Re7 26. Nh5+ Kf8 27.
Rd8+ Re8 28. Rxe8+ Kxe8 29. Nf6+ Ke7 30. Nxh7 f6 31. g4 hxg3 32. hxg3 b5 33.
axb5 axb5 34. g4 Nc4 35. b3 Nd2 36. Kf2 Nxe4+ 37. fxe4 Kf7 38. g5 fxg5 39. Nxg5+
Kf6 40. Nf3 c5 41. Ke3 Ke6 42. c3 Bc6 43. b4 cxb4 44. Nd4+ Kd6 45. cxb4 Bd7 46.
Kf4 Be8 47. Nf5+ Kc6 48. Ke5 Bh5 49. Nd4+ Kb6 50. Kd6 Bf7 51. e5 Bc4 52. Kd7 1-0

[Event "Titled Tue 1st Jul Late"]
[Site "chess.com INT"]
[Date "2025.07.01"]
[Round "4"]
[White "Yang, Larry"]
[Black "Zhukovskyi, Oleksandr"]
[Result "1-0"]
[BlackTitle "CM"]
[WhiteElo "2017"]
[BlackElo "2145"]
[WhiteFideId "2637618"]
[BlackFideId "14169371"]
[EventDate "2025.07.01"]

1. e4 Nf6 2. e5 Nd5 3. d4 d6 4. Nf3 dxe5 5. Nxe5 c6 6. a3 Nd7 7. Nf3 g6 8. c4
Nc7 9. Nc3 Bg7 10. Be2 O-O 11. O-O e5 12. Be3 Ne6 13. d5 Nf4 14. Bxf4 exf4 15.
dxc6 bxc6 16. Nd4 Ne5 17. Nc2 Qb6 18. Qc1 f3 19. Bxf3 Nd3 20. Qd2 Nxb2 21. Rab1
Nxc4 22. Qe2 Qa6 23. Nb4 Qxa3 24. Qxc4 Be6 25. Qxc6 Rac8 26. Qb7 Bxc3 27. Nc6
Qc5 28. Ne7+ Kg7 29. Nxc8 Bxc8 30. Qb3 Be6 31. Qc2 Qd4 32. Rfd1 Qf6 33. Rdc1 Be5
34. Qe2 Qf4 35. g3 Qf6 36. Bg2 Re8 37. Qf1 Bd4 38. Rd1 a5 39. Rb5 a4 40. Ra5 Bb3
41. Ra6 Bc5 42. Rxf6 Kxf6 43. Qb5 Be7 44. Qxe8 Bxd1 45. Qc6+ Kg7 46. Qa6 a3 47.
Bd5 Bf6 48. Ba2 Bb2 49. Qc4 Kh6 50. Qxf7 Bg4 51. Qf4+ Kh5 52. h3 Bf5 53. Qh4# 1-0